书目信息 |
| 题名: |
唯物主义和经验批判主义
|
|
| 作者: | 列宁 著 | |
| 分册: | ||
| 出版信息: | 北京 人民出版社 1998.02 |
|
| 页数: | 423页 | |
| 开本: | 32开 | |
| 丛书名: | ||
| 单 册: | ||
| 中图分类: | A263 | |
| 科图分类: | ||
| 主题词: | 列宁著作--专题汇编 | |
| 电子资源: | ||
| ISBN: | 7-01-002729-3 | |
| 000 | 00569nam0 2200193 45 | |
| 001 | 0008141542 | |
| 005 | 20000814153421.4 | |
| 010 | @a7-01-002729-3@d20.00元 | |
| 100 | @a20000814d1998 km y0chiy0120 ea | |
| 101 | 0 | @achi |
| 105 | @a z 000yy | |
| 200 | 1 | @a唯物主义和经验批判主义@AWei Wu Zhu Yi He Jing Yan Pi Pan Zhu Yi@f(苏)列宁 著@F(Su)Lie Ning Zhu |
| 210 | @a北京@c人民出版社@d1998.02 | |
| 215 | @a423页@d32开 | |
| 606 | 0 | @a列宁著作@x专题汇编 |
| 690 | @aA263@v3 | |
| 701 | 0 | @a列宁@4著 |
| 801 | @aCN@bPftUser@c20000814 | |
| 905 | @b106168-170@dA263@eZH:965/2@f3 | |
| 唯物主义和经验批判主义/(苏)列宁 著.-北京:人民出版社,1998.02 |
| 423页;32开 |
| ISBN 7-01-002729-3:20.00元 |
| ● |
| 相关链接 |
|
|
|
正题名:唯物主义和经验批判主义
索取号:A263/ZH:965/2
 
预约/预借
| 序号 | 登录号 | 条形码 | 馆藏地/架位号 | 状态 | 备注 |
| 1 | 106168 | 201061689 | 社科库509/509社科库 1排3列5层/ [索取号:A263/ZH:965/2] | 在馆 | |
| 2 | 106169 | 201061698 | 社科库509/509社科库 1排3列5层/ [索取号:A263/ZH:965/2] | 在馆 | |
| 3 | 106170 | 201061705 | 社科库509/509社科库 1排3列5层/ [索取号:A263/ZH:965/2] | 在馆 |